| 000 | 00400nam a2200169Ia 4500 | ||
|---|---|---|---|
| 008 | 170705s9999 xx 000 0 und d | ||
| 020 | _a9780439653053 | ||
| 245 | 4 | _aThe boy who saved baseball / | |
| 245 | _cJohn H. Ritter. | ||
| 260 | _aNew York : | ||
| 260 | _bScholastic, | ||
| 260 | _c2003 | ||
| 300 | _a213 pages : | ||
| 300 | _bcolor illustration ; | ||
| 300 | _c19cm. | ||
| 500 | _a660 | ||
| 999 |
_c336244 _d336244 |
||